Вып. 17 : Новейшие тектонические движения и геоморфологические условия Среднего Поволжья; Материалы по геоморфологии и палеогеографии СССР

Библиографические подробности
Источник:Материалы по геоморфологии и палеогеографии СССР/ Академия наук СССР (АН СССР), Институт географии (ИГ). Вып. 17 : Новейшие тектонические движения и геоморфологические условия Среднего Поволжья.— , 1948-
Главный автор: Обедиентова Г. В. Глафира Витальевна
Другие авторы: Федорович Б. А. (редактор), Мещеряков Ю. А.
Язык:русский
Опубликовано: 1957
Серии:Труды института географии Вып. 72
Предметы:
Формат: Книга
Запись в KOHA:https://koha.lib.tpu.ru/cgi-bin/koha/opac-detail.pl?biblionumber=103429

MARC

LEADER 00000nam2a2200000 4500
001 103429
005 20231101214503.0
035 |a (RuTPU)RU\TPU\book\111519 
035 |a RU\TPU\book\252056 
035 |a RU\TPU\book\252063 
090 |a 103429 
100 |a 20130129d1953 k y0rusy50 ca 
101 0 |a rus 
102 |a RU 
105 |a a z 001zy 
200 0 |a Вып. 17 : Новейшие тектонические движения и геоморфологические условия Среднего Поволжья  |f Г. В. Обедиентова  |g отв. ред. Б. А. Федорович , Ю. А. Мещеряков 
210 |d 1957 
215 |a 99 с.  |c ил. 
225 1 |a Труды института географии  |v Вып. 72 
320 |a Библиогр.: с. 93-99 
461 1 |0 (RuTPU)RU\TPU\book\252056  |t Материалы по геоморфологии и палеогеографии СССР  |f Академия наук СССР (АН СССР), Институт географии (ИГ)  |v Вып. 17 : Новейшие тектонические движения и геоморфологические условия Среднего Поволжья  |d 1948-  |s Труды института географии 
606 1 |a Геоморфология  |2 stltpush  |3 (RuTPU)RU\TPU\subj\6207  |9 34142 
606 1 |a Палеогеография  |2 stltpush  |3 (RuTPU)RU\TPU\subj\47964  |9 66847 
610 1 |a исследование 
610 1 |a рельеф 
610 1 |a геологическое строение 
610 1 |a Среднее Поволжье 
610 1 |a Волга 
610 1 |a тектонические движения 
675 |a 551.4  |v 3 
675 |a 551.8  |v 3 
700 1 |a Обедиентова  |b Г. В.  |g Глафира Витальевна 
702 1 |a Федорович  |b Б. А.  |4 340 
702 1 |a Мещеряков  |b Ю. А.  |4 340 
801 1 |a RU  |b 63413507  |c 20061017  |g PSBO 
801 2 |a RU  |b 63413507  |c 20180816  |g PSBO 
942 |c BK